000 00472nam a2200157 i 4500
001 150811
003 ES-MaACL
005 20230906203717.0
007 t|
008 071113q19501959sp ||||1| spa d
245 0 0 _aPlano-guía de Santiago de Compostela.
260 _aMadrid :
_bAlmax,
_c[195-?] (
_fGrafplas)
300 _aI-III h, pleg, 1 plan pleg. ;
_c25 cm.
651 4 _aSantiago de Compostela-
_vGuías de calles.
_99368
852 _aES-MaACL
_j1962-F-13
_bR.36194
999 _c150811
_d150811